| 000 | 01571cam a22004814i 4500 | ||
|---|---|---|---|
| 003 | PE-LiUPU | ||
| 005 | 20250731173019.0 | ||
| 008 | 150623s1997 r 000 0 d | ||
| 020 | _a083081535X | ||
| 035 | _a(Sirsi) i9780830815357 | ||
| 040 |
_aPE-LiUPU _bspa _cPE-LiUPU _erda |
||
| 049 | _aPRUA | ||
| 082 | 0 | 4 |
_a233.5 _bS47 _221 |
| 100 | 1 |
_aSherlock, Charles, _d1945-, _eautor. |
|
| 245 | 1 | 4 |
_aThe doctrine of humanity / _cCharles Serlock. |
| 264 | 1 |
_aDowners Grove, Illinois : _bInterVarsity Press, _c1997. |
|
| 300 |
_a303 páginas ; _c23 cm. |
||
| 336 |
_atext _2rdacontent |
||
| 337 |
_aunmediated _2rdamedia |
||
| 338 |
_avolume _2rdacarrier |
||
| 490 | 0 | _aContours of Christian Theology | |
| 504 | _aIncluye bibliografía. | ||
| 505 | 0 | _aMade in the imaage of God. -The human race. -The human person. -This sporting life. | |
| 526 | _aSEG42 | ||
| 526 | _aSEG41 | ||
| 526 | _aSEG40 | ||
| 526 | _aSEG39 | ||
| 526 | _aP94 | ||
| 526 | _aP87 | ||
| 526 | _aP86 | ||
| 526 | _aP85 | ||
| 526 | _aP77 | ||
| 526 | _aP76 | ||
| 526 | _aP35 | ||
| 650 | 0 | 4 | _aAntropología teológica. |
| 650 | 0 | 4 | _aImagen de Dios. |
| 942 |
_2ddc _cBOOK |
||
| 949 |
_a233.5 S47 _wDEWEY _c1 _i48641 _lCCODEBUL1 _mBUL _r0 _sY _tBOOK _u2015-6-24 _xTEOLOGIA _PP35 _0COMPRA _o.STAFF. Colección General |
||
| 994 |
_aC0 _bPEPRU |
||
| 596 | _a1 | ||
| 999 |
_a233.5 S47 _wDEWEY _c23938 _i47384 _d23938 _e2019-7-14 _f2021-11-10 _g5 _lCCODEBUL1 _mBUL _n1 _r0 _sY _tBOOK _u2015-6-24 _xTEOLOGIA _PP35 _0COMPRA _o.STAFF. Colección General |
||
| 980 |
_81 _gALBERTO SANCHEZ Responsable de Automatización |
||